[Event "45th Olympiad 2024"]
[Site "Budapest HUN"]
[Date "2024.09.16"]
[Round "6.55"]
[Board "3"]
[White "Mooney, Graham"]
[Black "Arkadan, Adib"]
[Result "0-1"]
[WhiteElo "1935"]
[BlackElo "2181"]
[PlyCount "84"]
[EventDate "2024.09.11"]
[WhiteTeam "Jersey"]
[BlackTeam "Lebanon"]
[BlackTeamCountry "LBN"]

1. e4 c5 2. Nf3 d6 3. d4 cxd4 4. Nxd4 Nf6 5. Nc3 Nc6 6. Bc4 e6 7. Be3 Be7 8. f3 a6 9. Qd2 Bd7 ({RR} 9... Nxd4 10. Qxd4 b5 11. Bb3 O-O 12. a4 Bd7 13. axb5 axb5 14. O-O Qc7 15. Rfd1 Bc6 16. Qb6 Qxb6 17. Bxb6 b4 18. Ne2 d5 19. Nd4 Bb7 20. Rxa8 Rxa8 21. exd5 Nxd5 22. Bxd5 Bxd5 23. Nf5 Bf8 24. Ne3 {½-½ Chos,A (2327)-Tukhaev,A (2534) Evpatoria 2009 (4)}) ({RR} 9... Qc7 10. Bb3 Bd7 11. g3 Na5 12. O-O Nxb3 13. axb3 O-O 14. Kg2 Rfc8 15. Rad1 b5 16. f4 b4 17. Nce2 e5 18. fxe5 Nxe4 19. Qd3 Qb7 20. Kg1 dxe5 21. Nf5 Bxf5 22. Rxf5 Nc5 23. Bxc5 Bxc5+ 24. Kf1 {0-1 Prober,E (1062)-Pischal,Y (1952) Sevastopol Waltz Blitz 2023 (10.11)}) 10. Bb3 Rc8 11. O-O-O b5 12. g4 $146 ({RR} 12. h4 Ne5 13. g4 Nc4 14. Bxc4 Rxc4 15. h5 b4 16. Nce2 Qa5 17. Kb1 g6 18. hxg6 fxg6 19. Nf4 Kf7 20. g5 Ne8 21. Nb3 Qb5 22. Nd4 Qa5 23. Nb3 {½-½ Koehn,L (1554)-Paulsen,A (1559) GER-ch U12 Oberhof 2011 (3)}) 12... Na5 13. g5 Nh5 14. Rhg1 Nc4 15. Bxc4 Rxc4 16. Kb1 g6 17. Nce2 e5 18. Nb3 b4 19. Ng3 Nxg3 20. Rxg3 Be6 21. Qf2 h5 22. h4 O-O 23. Bb6 Qe8 24. Na5 Rc8 25. Nb3 Qb5 26. Be3 Rc4 27. Rg2 Rfc8 28. Qf1 Bh3 29. Qe2 Bxg2 30. Qxg2 Rxc2 31. Qxc2 Rxc2 32. Kxc2 Qe2+ 33. Bd2 Qxf3 34. Re1 Qf2 35. Kb1 a5 36. Rd1 a4 37. Nc1 Qxh4 38. Re1 Bxg5 39. Bxb4 Bxc1 40. Kxc1 d5 41. Bd2 d4 42. Kc2 Qg3 0-1

[Event "45th Olympiad 2024"]
[Site "Budapest HUN"]
[Date "2024.09.16"]
[Round "6.55"]
[Board "4"]
[White "Assaad, Joe"]
[Black "Forbes, Garry"]
[Result "1-0"]
[WhiteElo "2150"]
[BlackElo "1858"]
[PlyCount "53"]
[EventDate "2024.09.11"]
[WhiteTeam "Lebanon"]
[BlackTeam "Jersey"]
[WhiteTeamCountry "LBN"]

1. d4 {RR} g6 2. e4 Bg7 3. Nc3 d6 4. Be3 a6 5. h4 ({RR} 5. Qd2) 5... h6 ({RR} 5... h5 6. Nf3 b5 7. Ng5 Bb7 8. a4 c6 9. Qf3 Nh6 10. Bd3 Nd7 11. e5 dxe5 12. Bxg6 O-O 13. Bh7+ Kh8 14. O-O-O b4 15. Nce4 Qa5 16. Qxh5 Qxa4 17. Kb1 b3 18. cxb3 Qxb3 19. Nc3 Nf6 20. Qe2) 6. Qd2 b5 7. O-O-O ({RR} 7. f3 Nd7 8. O-O-O Nb6 9. Nh3 Nf6 10. Nf4 Nfd7 11. Ncd5 Nxd5 12. exd5 Nb6 13. Bd3 Bb7 14. Bxg6 fxg6 15. Ne6 Qd7 16. Qd3 Kf7 17. h5 gxh5 18. Qf5+ Kg8 19. Qg6 Rh7 20. Bxh6 Qe8 21. Qg5 Qf7 {0-1 Naiditsch,A (2689)-Svidler,P (2754) FIDE World Cup 2009 (3.6)}) 7... c6 $146 ({RR} 7... Bb7 8. f3 e6 9. g4 Nd7 10. Kb1 Ne7 11. Qf2 d5 12. exd5 Nxd5 13. Nxd5 Bxd5 14. Bg2 Qe7 15. Ne2 Nb6 16. Bc1 Qb4 17. Nf4 O-O-O 18. c3 Qc4 19. Nxd5 exd5 20. Rhe1 Rde8 21. h5 Qc6 22. f4 {1-0 Nikologorskiy,K (2410)-Kravchenko,V (2377) Vladimir op Suzdal 2016 (6)}) ({RR} 7... Bb7 8. f3 Nd7 9. Nh3 c5 10. dxc5 Rc8 11. Bd4 e5 12. Be3 dxc5 13. h5 Ne7 14. hxg6 fxg6 15. Nf2 h5 16. Bg5 Nf6 17. Qxd8+ Rxd8 18. Rxd8+ Kxd8 19. Nd3 Nd7 20. Be2 Bh6 21. Bxh6 Rxh6 22. Rd1 {1-0 Timmermans,M (2394)-Hungaski,R (2471) Titled Tue 30th Jan Late 2024 (5)}) ({RR} 7... Nd7 8. h5 gxh5 9. Nge2 b4 10. Nd5 Ndf6 11. Nxf6+ Nxf6 12. f3 c6 13. Qxb4 a5 14. Qc3 Bd7 15. Nf4 Rc8 16. Ba6 Rb8 17. Bc4 e6 18. e5 Nd5 19. Bxd5 cxd5 20. Nxh5 Kf8 21. Nxg7 Kxg7 22. Qd2 {1-0 Lesovoi,E (2295)-Artamonov,V (2240) St Petersburg Summer op 2016 (6)}) ({RR} 7... Bb7 8. h5 g5 9. f4 b4 ({RR} 9... gxf4 10. Bxf4 Nd7 11. Nf3 c5 12. Nd5 Ngf6) 10. Nd5 gxf4 11. Bxf4 a5 12. Bd3 Nd7 13. Nf3 e6 14. Ne3 Nb6 15. g4 ({RR} 15. Nc4 Nxc4 16. Bxc4 Bxe4 17. Rde1 Nf6 18. d5 e5) 15... Nf6 16. d5 Nxe4 17. Bxe4 Qf6 18. Qh2 ({RR} 18. Qd4 Qxf4 19. Qxg7 Qxe3+ 20. Kb1 O-O-O 21. Rhe1 Qf4) 18... Qxb2+ 19. Kd2 exd5 20. Bd3 O-O-O 21. Ke2 Nc4 ({RR} 21... Na4) 22. Nf5 {1-0 Le Ruyet,L (2252)-Haub,T (2442) Sautron op 14th 2014 (9)}) 8. h5 g5 9. f4 gxf4 10. Bxf4 Nd7 11. Nf3 Nb6 12. e5 d5 13. g4 b4 14. Nb1 a5 15. Rg1 Nc4 16. Qf2 Qb6 17. g5 Be6 18. gxh6 Bxh6 19. Rxg8+ Rxg8 20. Bxh6 O-O-O 21. Nbd2 Rh8 22. Bg5 Rxh5 23. Bxe7 Rg8 24. Bc5 Qd8 25. Nxc4 dxc4 26. d5 Bxd5 27. Bxc4 1-0

[Event "45th Olympiad 2024"]
[Site "Budapest HUN"]
[Date "2024.09.16"]
[Round "6.56"]
[Board "1"]
[White "Gabriel, Davidson"]
[Black "Rakotomaharo, Fy Antenaina"]
[Result "0-1"]
[WhiteElo "2043"]
[BlackElo "2440"]
[PlyCount "68"]
[EventDate "2024.09.11"]
[WhiteTeam "Haiti"]
[BlackTeam "Madagascar"]
[WhiteTeamCountry "HAI"]
[BlackTeamCountry "MAD"]

1. d4 d5 2. c4 e6 3. Nf3 Nf6 4. g3 Be7 5. Bg2 O-O 6. O-O c6 7. Qc2 b6 8. Bf4 Bb7 9. Nbd2 Nh5 10. Be3 ({RR} 10. e3 Nd7 11. h4 Rc8 12. Rac1 h6 13. cxd5 Nxf4 14. exf4 cxd5 {½-½ Sargsyan,S (2639)-Yu Yangyi (2721) chess.com SpeedChess Q1Sw 2023 (7)}) 10... Nd7 ({RR} 10... Nf6 11. Bg5 Nbd7 12. e4 dxe4 13. Nxe4 c5 14. Nxf6+ Bxf6 15. Bxf6 Qxf6 16. Ng5 Qxg5 17. Bxb7 Rab8 18. Bc6 Nf6 19. dxc5 Qxc5 20. Bf3 Rfd8 21. Rad1 Qc7 22. b3 a5 23. Qe2 Nd7 24. h4 Nc5 25. h5 {0-1 Duran Vega,S (2356)-Ospina Castro,S (2016) 17th American Cont Blitz 2024 (3.39)}) 11. g4 $146 ({RR} 11. Rac1 Rc8 12. cxd5 cxd5 13. Qa4 a6 14. Ne5 b5 15. Qb3 Nb6 16. Rxc8 Qxc8 17. Ndf3 Nc4 18. Rc1 Nf6 19. Bg5 h6 20. Bxf6 Bxf6 21. Nd3 Be7 22. Qd1 Qa8 23. b3 Nd6 24. Nc5 Ne4 25. Ne5 Nxc5 {½-½ Osnos,V-Liberzon,V URS-ch36 Final 1968 (5)}) ({RR} 11. Rfd1 Bd6 12. Ng5 Nhf6 13. Bf4 Bxf4 14. gxf4 h6 15. Ngf3 c5 16. dxc5 Nxc5 17. Ne5 Rc8 18. e3 Qe7 19. Rac1 Rfd8 20. b4 Ncd7 21. Qb2 Nb8 22. cxd5 Bxd5 23. Ndf3 Qb7 24. Rxc8 Rxc8 25. Rc1 Nc6 {0-1 Purnama,T (2400)-Lenic,L (2603) Olympiad-39 Khanty-Mansiysk 2010 (3.2)}) ({RR} 11. Rac1 Rc8 12. Rfd1 f5 13. Nb1 f4 14. Bd2 Bd6 15. cxd5 cxd5 16. Qa4 a6 17. Rxc8 Bxc8 {½-½ Wojtkiewicz,A (2570)-Huebner,R (2630) Rubinstein Memorial 32nd 1995 (11)}) 11... Nhf6 12. h3 c5 13. dxc5 bxc5 14. Bf4 d4 15. e3 dxe3 16. fxe3 Ne8 17. Rad1 Qc8 18. Ne4 Nef6 19. Nc3 Rd8 20. e4 Nf8 21. Rxd8 Qxd8 22. Rd1 Qb6 23. e5 N6d7 24. Ne4 Rd8 25. Re1 Ng6 26. Bg3 Qa5 27. Nc3 Nb8 28. b3 Nc6 29. Rd1 Rxd1+ 30. Nxd1 Nb4 31. Qd2 Qxa2 32. Qd7 Bc6 33. Qc8+ Bf8 34. Nf2 Qxb3 0-1

[Event "45th Olympiad 2024"]
[Site "Budapest HUN"]
[Date "2024.09.16"]
[Round "6.56"]
[Board "2"]
[White "Andrianiaina, Heritiana"]
[Black "Etienne, Angelo"]
[Result "1/2-1/2"]
[WhiteElo "2149"]
[BlackElo "2122"]
[PlyCount "185"]
[EventDate "2024.09.11"]
[WhiteTeam "Madagascar"]
[BlackTeam "Haiti"]
[WhiteTeamCountry "MAD"]
[BlackTeamCountry "HAI"]

1. e4 c5 2. Nf3 Nc6 3. d4 cxd4 4. Nxd4 Nf6 5. Nc3 e5 6. Ndb5 d6 7. Bg5 a6 8. Bxf6 gxf6 9. Na3 b5 10. Nd5 Be6 11. g3 Bg7 12. Bg2 O-O 13. O-O Rc8 14. c3 f5 15. exf5 Bxf5 16. Nc2 Na5 $146 ({RR} 16... Bg6 17. a4 f5 18. axb5 axb5 19. Ra6 e4 20. Ndb4 Nxb4 21. Rxd6 Qxd6 22. Qxd6 Nxc2 23. Qd2 Na3 24. bxa3 Rfd8 25. Qg5 Rd5 26. Bxe4 {1-0 Rogic,D (2270)-Enguidanos Gimeno,S Burriana op 1990 (1)}) ({RR} 16... Be6 17. a4 Ne7 18. Nxe7+ Qxe7 19. axb5 axb5 20. Nb4 Bc4 21. Re1 f5 22. Ra6 f4 23. Be4 fxg3 24. hxg3 Rf6 25. Nd5 Bxd5 26. Qxd5+ Kh8 27. Qxb5 Qf7 28. Qe2 Rf8 29. Rf1 Bh6 30. Ra8 d5 31. Rxf8+ {1-0 Lutz,A (2279)-Vogel,H GER-ch (Women) 2001 (6)}) ({RR} 16... Ne7 17. Nce3 Be6 18. a4 Nxd5 19. Bxd5 Bh3 20. Re1 Qd7 21. axb5 axb5 22. Ra6 Kh8 23. Be4 f5 24. Rxd6 Qe7 25. Rd7 Qg5 26. Bg2 Bxg2 27. Nxg2 b4 28. f4 exf4 29. Nxf4 Qf6 30. Re6 Qg5 31. Ree7 {1-0 Olsarova,T (2251)-Amrayeva,A (2065) EU-ch (Women) 15th 2014 (5)}) 17. Nce3 Be6 18. a4 Nc4 19. axb5 axb5 20. Nxc4 bxc4 21. Ra6 Kh8 22. Nb4 Qg5 23. Rxd6 Rfd8 24. Nc6 Rxd6 25. Qxd6 Bf8 26. Qxe5+ Qxe5 27. Nxe5 Rb8 28. Rb1 Ba3 29. Bf1 Rxb2 30. Rxb2 Bxb2 31. Bxc4 Bxc4 32. Nxc4 Bxc3 33. Kg2 Kg7 34. Ne3 Be1 35. Kf3 Kg6 36. Ng2 Ba5 37. Ke4 Bb6 38. Nf4+ Kg5 39. f3 Ba7 40. Ne2 Kf6 41. Nd4 Bb8 42. Nf5 Ba7 43. Ne3 Bc5 44. Nd5+ Ke6 45. g4 f6 46. Nf4+ Kf7 47. Kf5 Bd6 48. h4 Be5 49. g5 Bb2 50. g6+ hxg6+ 51. Nxg6 Kg7 52. Nf4 Ba1 53. Nh5+ Kf7 54. Ng3 Bb2 55. Ne4 Kg7 56. Kg4 Kg6 57. Nd6 Bc3 58. Nf5 Bb2 59. h5+ Kh7 60. Kh4 Bc3 61. Ne3 Kh6 62. Ng4+ Kg7 63. Ne3 Ba1 64. f4 Bb2 65. f5 Bc3 66. Ng4 Ba1 67. Kg3 Bb2 68. Kf3 Ba1 69. Ke4 Bb2 70. Kd5 Ba1 71. Ke6 Bb2 72. Nxf6 Kh6 73. Ng4+ Kxh5 74. Ne5 Kh6 75. f6 Bc3 76. Ng4+ Kh7 77. f7 Kg7 78. Ke7 Bb4+ 79. Ke8 Ba3 80. Ne5 Kf6 81. Nc4 Bb4 82. Nb6 Ba3 83. Nd5+ Ke6 84. Nc7+ Kf6 85. Nb5 Bb4 86. Nc3 Ba3 87. Nd5+ Ke6 88. Nb6 Bb4 89. Nd7 Ba3 90. Nf8+ Kf6 91. Nh7+ Ke6 92. f8=Q Bxf8 93. Nxf8+ 1/2-1/2

[Event "45th Olympiad 2024"]
[Site "Budapest HUN"]
[Date "2024.09.16"]
[Round "6.56"]
[Board "3"]
[White "Victor, Wyclef"]
[Black "Andriamasoandro, Miora"]
[Result "0-1"]
[WhiteElo "1924"]
[BlackElo "2116"]
[PlyCount "106"]
[EventDate "2024.09.11"]
[WhiteTeam "Haiti"]
[BlackTeam "Madagascar"]
[WhiteTeamCountry "HAI"]
[BlackTeamCountry "MAD"]

1. e4 c5 2. Nf3 d6 3. d4 cxd4 4. Nxd4 Nf6 5. Nc3 a6 6. Be2 e5 7. Nb3 Be7 8. O-O Be6 9. Be3 Nbd7 10. Qd2 Qc7 ({RR} 10... b5 11. Bf3 O-O 12. Nd5 Bxd5 13. exd5 a5 14. Qd3 a4 15. Nd2 Qa5 16. b4 axb3 17. cxb3 Rfc8 18. Rfc1 Rxc1+ 19. Rxc1 Qb4 20. Rc2 Nc5 21. Qe2 Nfd7 22. Bg4 Nf6 23. Bf3 Nfd7 24. Bg4 Nf6 25. h3 {1-0 Dragun,K (2420)-Bobras,P (2545) POL-chT Wroclaw 2011 (6.4)}) ({RR} 10... b5 11. f3 b4 12. Nd5 Bxd5 13. exd5 Nb6 14. Qxb4 Nbxd5 15. Qa4+ Kf8 16. Bf2 Nf4 17. Rfe1 Qc7 18. c3 g6 19. Rad1 Kg7 20. Bf1 Rhb8 21. g3 Ne6 22. Qc4 Qb7 23. Bg2 Rc8 24. Qe2 Qb5 25. Qxb5 {1-0 Li,H (2013)-Castillo Pena,P (1910) Titled Tue 14th May Early 2024 (4)}) 11. Rad1 O-O 12. f4 b5 $146 ({RR} 12... Rac8 13. f5 Bc4 14. Rfe1 Bxe2 15. Rxe2 Qc4 16. Bg5 Rfd8 17. Qe1 h6 18. Bh4 b5 19. a3 Nb6 20. Nd2 Qc7 21. Qg3 Nh5 22. Qg4 Nf4 23. Rf2 h5 24. Qg3 f6 25. Nf1 d5 26. exd5 Nbxd5 27. Nxd5 {0-1 Kovacs,Z (2072)-Bajnoczi,P HUN-chT2 Erkel 0304 2003 (2)}) ({RR} 12... exf4 13. Bxf4 Ne5 14. h3 Rfc8 15. Qe3 b5 16. Rd2 Nfd7 17. Qg3 Nb6 18. Bxe5 dxe5 19. Nd5 Bxd5 20. exd5 Bd6 21. Qg5 Nc4 22. Bxc4 bxc4 23. Nc1 Qb6+ 24. Kh1 Ra7 25. b3 e4 26. Ne2 Re7 27. Ng3 {½-½ Krutsky,M-Purkyt,J (1789) Teplice op 7th 2012 (5)}) 13. a3 Nb6 14. Kh1 Nc4 15. Qc1 Nxa3 16. f5 Bc8 17. Bg5 Bb7 18. Bxf6 Bxf6 19. Rf3 b4 20. bxa3 bxc3 21. Qe3 Rfd8 22. Bd3 a5 23. Rff1 Qc6 24. Qf2 Qa4 25. Qe1 Rdc8 26. Ra1 d5 27. Qe2 Qc6 28. exd5 Qxd5 29. a4 e4 30. Bb5 Qe5 31. Qe3 h6 32. Rad1 Bd5 33. Nc5 Bg5 34. Nd7 Bxe3 35. Nxe5 Bd2 36. f6 g6 37. Nd7 Rc7 38. Nb6 Rd8 39. Nxd5 Rxd5 40. Rb1 Rd4 41. g3 Kh7 42. Kg2 g5 43. Rf5 Kg6 44. g4 Bf4 45. Re1 h5 46. h3 hxg4 47. hxg4 Rc8 48. Ba6 Rh8 49. Be2 Rd2 50. Rxa5 Rh2+ 51. Kf1 Bg3 52. Kg1 Rh4 53. Rf1 Rxe2 0-1

[Event "45th Olympiad 2024"]
[Site "Budapest HUN"]
[Date "2024.09.16"]
[Round "6.56"]
[Board "4"]
[White "Rakotomaharavo, Dylan"]
[Black "Guillaume, Jude Mirvens"]
[Result "1-0"]
[WhiteElo "2078"]
[BlackElo "1956"]
[PlyCount "105"]
[EventDate "2024.09.11"]
[WhiteTeam "Madagascar"]
[BlackTeam "Haiti"]
[WhiteTeamCountry "MAD"]
[BlackTeamCountry "HAI"]

1. e4 c5 2. Nf3 d6 3. d4 cxd4 4. Nxd4 Nf6 5. f3 a6 6. c4 e6 7. Nc3 Nc6 8. Be3 Be7 9. Qd2 ({RR} 9. Rc1 O-O 10. Qd2 Qc7 11. Be2 b6 12. Nd5 exd5 13. cxd5 b5 14. Nxc6 Qd7 15. O-O Bd8 16. Rc2 Bb7 17. Rfc1 Re8 18. Nxd8 Qxd8 19. Rc7 Rb8 20. Bf1 Nd7 21. Ba7 Ne5 22. Bxb8 Qxb8 23. b3 Qa7+ {1-0 Panarin,M (2562)-Kozak,A (2518) Chess.com Bullet op1 blitz 2020 (11)}) 9... Qc7 10. Rc1 Bd7 11. Nd5 $146 ({RR} 11. Qf2 O-O 12. Be2 h6 13. O-O Rac8 14. Nxc6 Bxc6 15. Rfd1 Nd7 16. Kh1 Kh8 17. Nd5 Qd8 18. Nxe7 Qxe7 19. Qg3 e5 20. Bd3 Nc5 21. Bb1 b5 22. cxb5 axb5 23. Qe1 Rfd8 24. Qb4 Nb7 25. a3 Qe6 {1-0 Kastner,V (1996)-Cesenek,J (1954) CZE-chT2d 0607 2006 (8.8)}) 11... Qd8 12. Nxc6 Bxc6 13. Bb6 Qc8 14. Nc7+ Kf8 15. Nxa8 Qxa8 16. Be2 Qc8 17. O-O Nd7 18. Bd4 Qc7 19. b4 b6 20. a3 Bb7 21. Rfd1 e5 22. Be3 f6 23. Rc3 Kf7 24. Qa2 Kg6 25. Bd3 h6 26. f4 Rc8 27. f5+ Kh7 28. Bb1 Qd8 29. Bf2 Qe8 30. Qe2 Qf7 31. Rdc1 a5 32. Ba2 axb4 33. c5 Qe8 34. axb4 bxc5 35. Be6 Rc7 36. Rg3 Nf8 37. Bb3 g5 38. fxg6+ Nxg6 39. bxc5 dxc5 40. Qg4 Bc8 41. Be6 Bxe6 42. Qxe6 Nf4 43. Qg4 Qf7 44. Be3 Qg6 45. Qf3 Qh5 46. Rg4 Rd7 47. Rxf4 Qxf3 48. Rxf3 Rc7 49. Rh3 Bf8 50. Bf2 c4 51. Rhc3 Bc5 52. Rxc4 Bxf2+ 53. Kxf2 1-0

[Event "45th Olympiad 2024"]
[Site "Budapest HUN"]
[Date "2024.09.16"]
[Round "6.57"]
[Board "1"]
[White "Bai, Adelard"]
[Black "Liyanage, Ranindu Dilshan"]
[Result "1-0"]
[WhiteElo "2378"]
[BlackElo "2366"]
[PlyCount "75"]
[EventDate "2024.09.11"]
[WhiteTeam "Chinese Taipei"]
[BlackTeam "Sri Lanka"]
[BlackTeamCountry "SRI"]

1. d4 Nf6 2. c4 g6 3. Nc3 Bg7 4. e4 d6 5. Be2 O-O 6. Be3 Na6 7. h4 h5 ({RR} 7... c5 8. d5 e6 9. dxe6 Bxe6 10. h5 Nb4 11. hxg6 fxg6 12. Qd2 Re8 13. Nh3 Bxh3 14. Rxh3 Qe7 15. f3 Nc6 16. O-O-O Rad8 17. Rdh1 Qf7 18. Bg5 Rd7 19. Nd5 Qf8 20. Kb1 Nd4 21. Bxf6 Bxf6 22. Bd3 {1-0 Martirosyan,H (2675)-Grischuk,A (2745) Satty Zhuldyz Rapid 2023 (5.5)}) 8. Nf3 e5 ({RR} 8... Ng4 9. Bg5 c5 10. O-O cxd4 11. Nxd4 Nc5 12. Qd2 Ne6 13. Nxe6 Bxe6 14. Rad1 Rc8 15. b3 Re8 16. Bxg4 Bxg4 17. f3 Be6 18. Be3 Qa5 19. Bd4 Bxd4+ 20. Qxd4 Qc5 21. Rf2 a6 22. Qxc5 Rxc5 23. a4 {½-½ Woodward,A (2501)-Ajay,K (2401) Titled Tue 6th Feb Early 2024 (1)}) 9. d5 Nc5 $146 ({RR} 9... c6 10. Nd2 Bd7 11. a3 Ng4 12. Bxg4 Bxg4 13. f3 Bd7 14. g4 Bf6 15. gxh5 Bxh4+ 16. Ke2 Kg7 17. Qg1 Rh8 18. h6+ Kh7 19. Qg2 Bf6 20. Raf1 Qe7 21. Kd1 Nc7 22. f4 b5 23. fxe5 Bxe5 24. Rf2 {1-0 Samadov,R (2469)-Gabdrakhmanov,A (2316) Titled Tue 11th Apr Early 2023 (2)}) 10. Ng5 a5 11. f3 c6 12. dxc6 bxc6 13. Qd2 Qe7 14. O-O-O Nb7 15. c5 dxc5 16. Na4 Be6 17. Nxe6 Qxe6 18. Qc2 Rfd8 19. Bc4 Qe8 20. Rxd8 Rxd8 21. Rd1 Rxd1+ 22. Qxd1 Bf8 23. Qb3 Nd6 24. Nxc5 Nxc4 25. Qxc4 Bxc5 26. Qxc5 Qe6 27. Kb1 Qd7 28. Kc2 Qe6 29. Qxa5 Qc4+ 30. Qc3 Qf1 31. a4 Qxg2+ 32. Bd2 Qf1 33. a5 Qb5 34. Qd3 Qa4+ 35. Qb3 Qa1 36. Qb8+ Kh7 37. Qxe5 Qa4+ 38. b3 1-0

[Event "45th Olympiad 2024"]
[Site "Budapest HUN"]
[Date "2024.09.16"]
[Round "6.57"]
[Board "2"]
[White "Amarathunga, Kosala Sandeepa Chamikara"]
[Black "Song, Raymond"]
[Result "0-1"]
[WhiteElo "1956"]
[BlackElo "2503"]
[PlyCount "88"]
[EventDate "2024.09.11"]
[WhiteTeam "Sri Lanka"]
[BlackTeam "Chinese Taipei"]
[WhiteTeamCountry "SRI"]

1. e4 c5 2. Nf3 e6 3. b3 b6 4. c4 Bb7 5. Nc3 Nf6 6. Bd3 ({RR} 6. e5 Ne4 7. Bb2 Be7 8. Bd3 d5 9. cxd5 Nxc3 10. dxc3 Bxd5 11. Qe2 Qc7 12. c4 Bc6 13. O-O O-O 14. Nd2 Nd7 15. Rae1 Rfd8 16. Bb1 Nf8 17. Ne4 Rd7 18. Qh5 Bxe4 19. Bxe4 Rad8 20. Bc3 f5 {0-1 Illescas Cordoba,M (2626)-Korneev,O (2583) ESP-chT Sanxenxo 2004 (2)}) ({RR} 6. e5 Ne4 7. Nxe4 Bxe4 8. Bb2 Nc6 9. Be2 d5 10. exd6 Bxd6 11. d3 Bf5 12. d4 cxd4 13. Nxd4 Bb4+ 14. Kf1 Nxd4 15. Qxd4 Qxd4 16. Bxd4 O-O 17. g4 Bc2 18. Rc1 Be4 19. f3 Rfd8 20. Be3 Bg6 {½-½ Dixa,O (2086)-Warchol,K (2102) Ustron Open A 2023 (6.5)}) 6... Nc6 7. O-O d6 8. Bc2 Nd4 $146 ({RR} 8... Ne5 9. Ne1 Nc6 10. f4 g6 11. Nf3 Bg7 12. Qe1 O-O 13. d3 Nd7 14. Bd2 a6 15. Rd1 f5 16. Ne2 Qe7 17. Ng3 Rae8 18. Kh1 h6 19. a3 Qf7 20. b4 e5 21. b5 axb5 22. cxb5 Nd4 23. Nxd4 {0-1 Horvath,T (2410)-Horvath,J (2515) Zalakaros op 14th 1995 (6)}) ({RR} 8... e5 9. Nd5 g6 10. Nxf6+ Qxf6 11. d3 Bg7 12. a3 O-O 13. b4 h6 14. b5 Nd8 15. Be3 Bc8 16. Qd2 Kh7 17. Ne1 Ne6 18. g3 a6 19. Ng2 Bd7 20. a4 axb5 21. axb5 Ng5 22. Bxg5 hxg5 23. Rxa8 {0-1 Mammadova,G (2382)-Pichot,A (2630) Gran Canaria May Blitz 2021 (11)}) 9. Re1 Be7 10. Nxd4 cxd4 11. Nb5 e5 12. d3 a6 13. Na3 O-O 14. f4 Bc6 15. Nb1 b5 16. Qf3 bxc4 17. dxc4 Nd7 18. Qg4 Bf6 19. f5 a5 20. Nd2 a4 21. Rb1 axb3 22. axb3 Ra2 23. Bd3 Nc5 24. Bf1 Bg5 25. Re2 Be3+ 26. Rxe3 dxe3 27. Nf3 Bxe4 28. Rb2 Rxb2 29. Bxb2 Qf6 30. Nh4 Rb8 31. Ba3 h5 32. Qxh5 Rxb3 33. Bxc5 dxc5 34. g4 Rb1 35. g5 e2 36. Qxe2 Qxg5+ 37. Ng2 Bxg2 38. Qxg2 Qxg2+ 39. Kxg2 e4 40. h3 Kh7 41. Be2 Kh6 42. Kg3 Kg5 43. Bg4 Rb3+ 44. Kf2 Kf4 0-1

[Event "45th Olympiad 2024"]
[Site "Budapest HUN"]
[Date "2024.09.16"]
[Round "6.57"]
[Board "3"]
[White "Yang, ching Wei"]
[Black "Kodithuwakku, K K Dinujaya"]
[Result "0-1"]
[WhiteElo "2121"]
[BlackElo "1826"]
[PlyCount "74"]
[EventDate "2024.09.11"]
[WhiteTeam "Chinese Taipei"]
[BlackTeam "Sri Lanka"]
[BlackTeamCountry "SRI"]

1. e4 e5 2. Nf3 Nc6 3. Bb5 a6 4. Ba4 Nf6 5. O-O d6 6. Re1 b5 7. Bb3 Na5 8. d4 Nxb3 9. axb3 Nd7 10. Nc3 ({RR} 10. dxe5 Nxe5 11. Bf4 Ng6 12. Bg5 Be7 13. Bxe7 Nxe7 14. e5 O-O 15. exd6 cxd6 16. Nc3 Bb7 17. Ne4 Nf5 18. Qd2 Nh4 19. Nxh4 Qxh4 20. Ng3 Qf6 21. c3 Rfe8 22. Rad1 h6 23. Rxe8+ Rxe8 24. Qxd6 Re1+ {1-0 Kritz,L (2618)-Nikolaidis,I (2493) GRE-chT Div-A 38th 2010 (6)}) 10... Bb7 11. Nd5 ({RR} 11. Bg5 f6 12. Be3 Be7 13. Nd5 Bxd5 14. exd5 O-O 15. c4 e4 16. Nd2 f5 17. f4 Nb6 18. Qe2 Bf6 19. cxb5 axb5 20. Qxb5 Qe8 21. Qc6 Rxa1 22. Rxa1 Qf7 23. Ra5 Qh5 24. Qxc7 Qd1+ 25. Nf1 Bxd4 {0-1 Davidson,K (2154)-Ashraf,A (2399) Titled Tue 9th Apr Late 2024 (1)}) 11... c6 $146 ({RR} 11... Be7 12. Qe2 O-O 13. Be3 Bxd5 14. exd5 e4 15. Nd2 f5 16. g3 g5 17. Kh1 Kh8 18. f4 gxf4 19. Bxf4 Nf6 20. c4 bxc4 21. bxc4 Qe8 22. g4 Nxg4 23. Nxe4 Qg6 24. Ng3 Bf6 25. h3 Nh6 26. Qd2 {½-½ Belkadi,R-Tartakower,S Paris 1953 (1)}) ({RR} 11... Be7 12. c4 O-O 13. Bd2 f5 14. Ba5 Bxd5 15. cxd5 fxe4 16. Rxe4 Nf6 17. Re1 e4 18. Ng5 Qd7 19. Nxe4 Nxd5 20. Bd2 Bf6 21. Nxf6+ Rxf6 22. Qe2 Rff8 23. Qe4 Qf7 24. f3 h6 25. Qc2 Qd7 26. Qe4 {½-½ Gruenfeld,Y (2451)-Winants,L (2558) Olympiad-42 Baku 2016 (4.1)}) 12. Ne3 g6 13. dxe5 dxe5 14. Ng4 f6 15. Qe2 h5 16. Ne3 Qe7 17. Bd2 Qf7 18. Ba5 Be7 19. Red1 Bd8 20. Bxd8 Rxd8 21. Qd3 Qe7 22. Nh4 Kf7 23. Nef5 gxf5 24. Nxf5 Nc5 25. Qg3 Qf8 26. Rxd8 Qxd8 27. Qg7+ Ke6 28. b4 Nxe4 29. Ne3 Qc8 30. Rd1 Ng5 31. h4 Nf7 32. Qg6 Rd8 33. Re1 c5 34. Qf5+ Ke7 35. Qxh5 Rg8 36. Rd1 Bxg2 37. Nf5+ Qxf5 0-1

[Event "45th Olympiad 2024"]
[Site "Budapest HUN"]
[Date "2024.09.16"]
[Round "6.57"]
[Board "4"]
[White "Bandara, Dhanushka"]
[Black "Wang, Ting-Hao"]
[Result "0-1"]
[WhiteElo "1903"]
[BlackElo "1842"]
[PlyCount "76"]
[EventDate "2024.09.11"]
[WhiteTeam "Sri Lanka"]
[BlackTeam "Chinese Taipei"]
[WhiteTeamCountry "SRI"]

1. e4 c6 2. d4 d5 3. exd5 cxd5 4. Bd3 Nc6 5. c3 Nf6 6. h3 g6 7. Qc2 e5 8. dxe5 Nxe5 9. Qe2 Qe7 10. Bb5+ Bd7 11. Bxd7+ Nfxd7 12. Be3 Bg7 13. Nd2 O-O 14. Ngf3 Rfe8 $146 ({RR} 14... b5 15. O-O Nxf3+ 16. Qxf3 Nf6 17. Bd4 a5 18. Rad1 b4 19. Rfe1 Qd6 20. Nb3 Rfc8 21. Nc1 bxc3 22. Bxc3 Rd8 23. Nd3 a4 24. Bb4 Qb6 25. Bc5 Qa6 26. Be7 Re8 27. Nb4 Qb7 28. Bxf6 Rxe1+ 29. Rxe1 {½-½ Nurgaliyeva,Z (2104)-Mou,I (2086) World Youth Girls U14 2023 (5.1)}) ({RR} 14... Nxf3+ 15. Nxf3 Rfe8 16. O-O-O Nb6 17. Qb5 Nc4 18. Bg5 a6 19. Qxd5 Qe2 20. Nd2 Nxb2 21. Kxb2 Re5 22. Qc4 Qxc4 23. Nxc4 Rxg5 24. Ne3 Rb5+ 25. Kc2 Rc8 26. Rd3 Ra5 27. Kb3 Rb5+ 28. Kc2 Ra5 29. Kb3 {½-½ Ahmadzada,A (2505)-Durucay,U (2131) Bagcilar Municipality 2023 (3.1)}) 15. O-O Nxf3+ 16. Nxf3 Bh6 17. Rfe1 Bxe3 18. Qxe3 Qxe3 19. Rxe3 Rxe3 20. fxe3 Re8 21. Kf2 Re6 22. Rd1 Nf6 23. Ke2 Rb6 24. Rd2 Kf8 25. Kd3 Ke7 26. Kd4 h6 27. Ne5 Ne4 28. Rc2 Ng3 29. Rf2 Nf5+ 30. Kxd5 Rb5+ 31. Ke4 Nd6+ 32. Kd4 Ke6 33. c4 Rxe5 34. b3 Nf5+ 35. Kc3 a5 36. g4 Nxe3 37. Kd2 f5 38. Rf3 fxg4 0-1